000
00234nam a2200097Ia 4500
001
725664
005
20250826163414.0
008
250824s9999 xx 000 0 und d
245
0
_a
TEPKİ
_c
STEPHEN KING
260
_b
ALTIN KİTAP YAYINLARI
999
_c
725664
_d
725664